Poézia nášho života K výstave v Galérii AMA

Bibliographic Details
Main Author: Budská, Viera, 1946-2019 (Author)
Format: Article
Language:Slovak
Subjects:

MARC

LEADER 00000nab a2200000 a 4500
001 vtls000160751
003 SK-MaSNL
005 20260303184229.0
008 160215c1983 xo 0 slo
015 |a SNBRB19rr/mm-uuuuu 
035 |a CL0170861 
040 |a SNKBUCL  |b slo  |c SNKBUCL  |e AACR2 
041 0 |a slo 
044 |a xo  |c SK 
080 |a 745/749.071.1  |2 1981 
080 |a 75.071.1  |2 1981 
080 |a 061.4  |2 1981 
080 |a 929 Apfel,Stanislav  |2 1981 
080 |a 929 Búranová Katarína  |2 1981 
080 |a 929 Kompánková Kornélia  |2 1981 
100 1 |a Budská, Viera,  |d 1946-2019  |4 aut  |9 56597 
245 1 0 |a Poézia nášho života  |b K výstave v Galérii AMA  |c Viera Budská 
600 1 7 |a Apfel, Stanislav  |2 snkbucl  |9 1213991 
600 1 7 |a Búranová, Katarína  |2 snkbucl  |9 107896 
600 1 7 |a Kompánková, Kornélia,  |d 1933-  |2 snkbucl  |9 1213992 
610 2 7 |a Galéria AMA (Bratislava, Slovensko)  |2 snkbucl  |9 34368 
655 7 |a články z novín a časopisov  |2 snkbucl  |9 267496 
773 0 |t Sloboda  |g Roč. 38, č. 29 (1983), s. 4 
850 |a Slovenská národná knižnica v Martine  |a MTA001 
852 |a SNK  |b KIS3GCP 
958 |a BX 
958 |a RK 
992 |a RBX 
999 |c 2125821  |d 2127751